Nové realismy : moderní realistické přístupy na československé výtvarné scéně = New realisms : modern realist approaches across the Czechoslovak art scene : 1918-1945 /

Korporativní autor: Galerie hlavního města Prahy. Městská knihovna
Další autoři: Pohl, Stephan von, 1971-
Jazyk: Čeština
Angličtina
Vydáno: Praha : Galerie hlavního města Prahy, 2024
Vydání: Vydání první =
Témata:
Fyzický popis: 145 stran : ilustrace (převážně barevné), 1 mapa, portréty ; 22 cm
Language note: Souběžný anglický text
Knihy
Uloženo v:
LEADER 02352nam a2200565 i 4500
001 nkc20243623468
003 CZ PrNK
005 20240826083516.0
007 ta
008 240719s2024 xr abc e c 000 0dcze
020 |a 978-80-7010-199-5  |q (brožováno) 
040 |a BOA001  |b cze  |e rda 
041 1 |a cze  |a eng  |h cze 
043 |a e-xr---  |a e-cs--- 
045 |a x1x4 
072 7 |a 72/76  |x Výtvarné umění  |2 Konspekt  |9 21 
080 |a 72/76(437.3)  |2 MRF 
080 |a 72/76:111.61  |2 MRF 
080 |a 001.83-027.22  |2 MRF 
080 |a (437.3)  |2 MRF 
080 |a (437)  |2 MRF 
080 |a (083.824)  |2 MRF 
245 0 0 |a Nové realismy :  |b moderní realistické přístupy na československé výtvarné scéně = New realisms : modern realist approaches across the Czechoslovak art scene : 1918-1945 /  |c překlad Stephan von Pohl 
246 3 1 |a New realisms 
250 |a Vydání první =  |b First edition 
264 1 |a Praha :  |b Galerie hlavního města Prahy,  |c 2024 
300 |a 145 stran :  |b ilustrace (převážně barevné), 1 mapa, portréty ;  |c 22 cm 
336 |a text  |b txt  |2 rdacontent 
336 |a statický obraz  |b sti  |2 rdacontent 
337 |a bez média  |b n  |2 rdamedia 
338 |a svazek  |b nc  |2 rdacarrier 
500 |a "Galerie hlavního města Prahy, Městská knihovna, 2. patro, Mariánské náměstí 1, Praha 1, 27.3.-25.8.2024" 
500 |a Chronologický přehled 
546 |a Souběžný anglický text 
648 7 |a 1918-1945  |7 ch460650  |2 czenas 
650 0 7 |a české výtvarné umění  |7 ph116865  |y 1918-1945  |2 czenas 
650 0 7 |a realismus v umění  |7 ph125044  |z Česko  |y 1918-1945  |2 czenas 
650 0 7 |a intelektuální život  |7 ph137688  |z Československo  |y 1918-1945  |2 czenas 
650 0 9 |a Czech art  |y 1918-1945  |2 eczenas 
650 0 9 |a realism in art  |z Czechia  |y 1918-1945  |2 eczenas 
650 0 9 |a intellectual life  |z Czechoslovakia  |y 1918-1945  |2 eczenas 
655 7 |a katalogy výstav  |7 fd132536  |2 czenas 
655 9 |a exhibition catalogs  |2 eczenas 
700 1 |a Pohl, Stephan von,  |d 1971-  |7 xx0089596  |4 trl 
710 2 |a Galerie hlavního města Prahy.  |b Městská knihovna  |7 ko20191048295  |4 orm 
910 2 |a BOA001  |b 2-1527.784 
990 |a BK 
995 |a 11 
991 |b 202407  |c NOV 
996 6 |b 2610975579  |c 2-1527.784  |l Stud. humanitních věd/4.patr  |r Sklad / do 1 hodiny  |n 1  |p p.v.  |w 001971538  |u 000010  |a 1  |e BOA001  |j MZK50  |s P